000 00864nam a2200253 a 4500
001 71838
003 BD-RjUL
005 20211209082152.0
008 901121s1931 enka b 000 0 eng d
035 _a(BD-RjUL)72054
040 _aDLC
_cNJB
_dBD-RjUL
_beng
041 1 _aeng
_hger
082 _a512.2
_223
_bWET 1931
100 1 _aWeyl, Hermann,
_d1885-1955.
_9155431
245 1 4 _aThe theory of groups and quantum mechanics /
_cby Hermann Weyl ; translated from the second (revised) German edition by H.P. Robertson.
260 _aLondon :
_bDover pub.,
_c1931.
300 _axxii, 422 p. :
_bill. ;
_c23 cm.
504 _aIncludes bibliography and index.
650 0 _aQuantum mechanics
_9212505
650 0 _aGroup theory.
_9212729
650 0 _aQuantum theory.
_9212506
700 1 _aRobertson, H. P.
_q(Howard Percy),
_d1903-1961.
_9212507
942 _2ddc
_cBK
999 _c71838
_d71838